Every Republic of Ireland International Footballer 1990-2023 - Statistics

General Stats
  • This quiz has been taken 69 times
  • The average score is 43 of 199
Answer Stats
Debut Position Caps Goals Answer % Correct
2014 FW 148 68 Robbie Keane
92%
1991 MF 67 9 Roy Keane
92%
2021 FW 4 0 Will Keane
92%
1996 GK 134 0 Shay Given
85%
1998 FW 100 8 Damien Duff
79%
1981 GK 80 0 Packie Bonner
65%
2003 MF 8 0 Alan Quinn
63%
2021 GK 10 0 Caoimhín Kelleher
63%
1986 FW 92 21 Niall Quinn
63%
2013 MF 10 0 Stephen Quinn
63%
1988 FW 26 9 David Kelly
62%
1994 DF 52 2 Gary Kelly
62%
1988 MF 4 0 Mark Kelly
62%
2006 DF 39 0 Stephen Kelly
62%
2010 MF 43 0 James McCarthy
56%
2021 MF/W 8 0 Jamie McGrath
56%
1984 DF 57 2 Mick McCarthy
56%
1985 DF 83 8 Paul McGrath
56%
2012 GK 50 0 Darren Randolph
54%
1974 MF 72 9 Liam Brady
54%
2000 DF 80 8 Richard Dunne
54%
2012 DF/W 60 9 Robbie Brady
54%
2020 DF 19 0 Dara O'Shea
52%
2001 DF 118 3 John O'Shea
52%
2017 DF 17 1 Kevin Long
48%
2007 FW 88 17 Shane Long
48%
2014 DF 55 7 Shane Duffy
46%
1988 DF 35 0 Chris Morris
44%
2007 GK 4 0 Colin Doyle
44%
1990 DF 56 4 Dennis Irwin
44%
2006 FW 62 14 Kevin Doyle
44%
1997 MF 110 8 Kevin Kilbane
44%
2004 MF 1 0 Michael Doyle
44%
1988 DF 102 8 Steve Staunton
44%
1976 DF 68 1 David O'Leary
42%
2021 GK 16 0 Gavin Bazunu
42%
2011 DF 68 1 Séamus Coleman
42%
2001 FW 36 9 Clinton Morrison
40%
2008 MF 91 2 Glenn Whelan
40%
1981 MF 53 3 Ronnie Whelan
40%
1979 DF 53 1 Chris Houghton
38%
1996 FW 64 12 Ian Harte
38%
1984 MF 73 6 Ray Houghton
38%
1980 DF 71 8 Kevin Moran
37%
2000 DF 33 4 Gary Doherty
35%
1977 GK 33 0 Gerry Peyton
35%
2012 FW 100 11 James McClean
35%
1986 FW 69 19 John Aldridge
35%
2009 GK 21 0 Keiren Westwood
35%
2018 DF 36 1 Matt Doherty
35%
2010 FW 54 14 Jonathan Walters
33%
1994 DF 35 0 Phil Babb
33%
2009 DF 37 3 Sean St. Ledger
33%
1991 DF 42 1 Terry Phelan
33%
1989 MF 70 7 Andy Townsend
31%
1994 MF 52 3 Jason McAteer
31%
1985 FW 88 19 Tony Cascarino
31%
2004 FW 93 5 Aiden McGeady
29%
2003 MF 29 4 Andy Reid
29%
1999 MF 49 5 Matt Holland
29%
2001 MF 23 2 Steven Reid
29%
2007 FW 30 2 Andy Keogh
27%
2013 MF 79 2 Jeff Hendrick
27%
2006 DF 33 0 Paul McShane
27%
2013 DF 26 1 Richard Keogh
27%
2001 DF 26 1 Andrew O'Brien
25%
2010 DF 4 0 Greg Cunningham
25%
2008 MF 35 3 Keith Andrews
25%
1996 DF 72 0 Kenny Cunningham
25%
1986 MF 16 0 Liam O'Brien
25%
2011 GK 24 0 David Forde
23%
1999 GK 11 0 Dean Kiely
23%
2019 FW 13 2 James Collins
23%
2004 MF 21 1 Liam Miller
23%
2019 GK 3 0 Mark Travers
23%
2021 DF 14 2 Nathan Collins
23%
2008 FW 3 0 Noel Hunt
23%
2011 DF 50 3 Stephen Ward
23%
2007 FW 31 3 Daryl Murphy
21%
2003 GK 2 0 Joe Murphy
21%
1984 MF 46 9 Kevin Sheedy
21%
1997 MF 40 0 Lee Carsley
21%
1998 MF 48 3 Mark Kinsella
21%
2007 DF 1 0 Peter Murphy
21%
2019 FW 20 4 Troy Parrott
19%
2010 FW 3 0 Cillian Sheridan
17%
2018 MF 3 0 Declan Rice
17%
1976 F 71 20 Frank Stapleton
17%
2017 DF 34 3 John Egan
17%
1988 MF 34 5 John Sheridan
17%
2010 MF 20 1 Paul Green
17%
1992 FW 22 6 Tommy Coyne
17%
1992 FW 22 6 Tommy Coyne
17%
2019 FW 8 0 Aaron Connolly
15%
2020 FW 16 1 Adam Idah
15%
2011 DF 36 2 Ciaran Clark
15%
1996 FW 41 9 David Connolly
15%
2022 FW 6 2 Evan Ferguson
15%
1988 MF 15 2 Liam Lawrence
15%
2011 DF 25 1 Marc Wilson
15%
2008 MF 43 3 Wes Hoolahan
15%
2017 MF 30 5 Alan Browne
13%
2021 FW 15 4 Chiedozie Ogbene
13%
2017 MF 36 1 Conor Hourihane
13%
2007 MF 26 1 Darron Gibson
13%
2014 FW 14 2 David McGoldrick
13%
1992 FW 15 0 Eddie McGoldrick
13%
2020 MF 20 1 Jason Knight
13%
2011 FW 30 4 Simon Cox
13%
2006 MF 6 4 Stephen Ireland
13%
2002 MF 13 1 Colin Healy
12%
2019 DF 1 0 Lee O'Connor
12%
2000 DF 53 2 Steve Finan
12%
2016 FW 27 1 Callum O'Dowda
10%
2018 FW 34 8 Callum Robinson
10%
2007 MF 3 1 Graham Burke
10%
1994 MF 19 0 Harry Arter
10%
2018 FW 11 2 Michael Obafemi
10%
1992 DF 2 0 Clive Clarke
8%
2014 DF 30 2 Cyrus Christie
8%
2008 DF 9 0 Damien Delaney
8%
2012 FW 25 0 David Meyler
8%
2018 FW 3 1 Derrick Williams
8%
2000 FW 6 2 Dominic Foley
8%
2000 FW 6 2 Dominic Foley
8%
1998 MF 16 1 Graham Kavanagh
8%
2019 FW 4 0 Jack Byrne
8%
2020 MF 20 0 Jayson Molumby
8%
1985 FW 23 4 John Byrne
8%
1985 FW 23 4 John Byrne
8%
2004 FW 1 0 Jon Macken
8%
2019 MF 26 0 Josh Cullen
8%
2009 DF 8 0 Kevin Foley
8%
2009 FW 7 0 Leon Best
8%
2014 GK 4 0 Rob Elliott
8%
2018 FW 3 1 Shaun Williams
8%
2004 FW 9 1 Stephen Elliott
8%
2023 MF 3 0 Will Smallbone
8%
2003 FW 10 0 Alan Lee
6%
1990 MF 42 2 Alan McLoughlin
6%
2013 MF 9 1 Anthony Pilkington
6%
1996 MF 13 4 Keith O'Neill
6%
2023 FW 4 1 Mikey Johnston
6%
2002 GK 10 0 Nick Colgan
6%
1994 FW 1 0 Owen Coyle
6%
1998 MF 11 0 Rory Delap
6%
2017 DF 1 0 Andy Boyle
4%
1990 FW 7 1 Bernie Slaven
4%
1990 FW 7 1 Bernie Slaven
4%
2009 DF 20 1 Darren O'Dea
4%
2002 FW 6 2 Graham Barrett
4%
2007 FW 1 0 Joseph Lapira
4%
1997 FW 1 0 Mickey Evans
4%
2000 MF 10 1 Stephen McPhail
4%
2006 GK 6 0 Wayne Henderson
4%
2016 MF 9 1 Alan Judge
2%
1992 DF 22 1 Alan Kernaghan
2%
2007 DF 2 0 Alex Bruce
2%
2021 DF 6 0 Andrew Omobamidele
2%
2008 FW 7 0 Caleb Folan
2%
2013 FW 9 0 Conor Sammon
2%
1996 DF 10 0 Curtis Fleming
2%
2018 DF 4 0 Darragh Lenihan
2%
2007 MF 5 0 Darren Potter
2%
2017 MF 17 1 Daryl Horgan
2%
2018 FW 17 1 Daryl Horgan
2%
2009 DF 3 0 Eddie Nolan
2%
2018 DF 25 0 Enda Stevens
2%
2007 MF 2 0 Joe Gamble
2%
2003 DF 1 0 John Thompson
2%
2004 MF 8 0 Jonathan Douglas
2%
2010 MF 16 3 Keith Fahey
2%
1992 DF 5 0 Liam Daish
2%
2022 DF 1 0 Mark Sykes
2%
2018 FW 7 0 Ronan Curtis
2%
2020 DF 6 0 Ryan Manning
2%
2018 FW 12 0 Scott Hogan
2%
2007 DF 2 0 Alan Bennett
0%
2000 MF 2 0 Alan Mahon
0%
2000 MF 8 0 Alan Moore
0%
2012 DF 9 2 Alex Pearce
0%
2007 FW 9 0 Anthony Stokes
0%
1992 DF 3 0 Brian Carey
0%
2022 FW 1 0 C.J Hamilton
0%
1996 MF 5 0 Dave Savage
0%
1996 MF 6 0 Gareth Farrelly
0%
1980 MF 21 3 Gary Waddock
0%
2002 FW 2 0 Glen Crowe
0%
2002 DF 1 0 Jim Godwin
0%
2007 DF 2 0 Joe O'Cearuill
0%
1997 FW 4 0 Jon Goodman
0%
1997 GK 1 0 Keith Branagan
0%
2010 MF 6 0 Keith Treacy
0%
2004 MF 5 0 Martin Rowlands
0%
2000 DF 1 0 Paul Butler
0%
2002 MF 2 0 Paul Butler
0%
2002 FW 1 0 Richard Sadlier
0%
2002 FW 1 0 Richard Sadlier
0%
2007 MF 2 0 Stephen Gleeson
0%
No matching quizzes found
Score Distribution
Percent of People with Each Score
Percentile by Number Answered
Your Score History
You have not taken this quiz